000 00534nam a2200205Ia 4500
003 OSt
005 20220927110333.0
006 a|||||r|||| 00| 0
007 ta
008 220926b |||||||| |||| 00| 0 eng d
024 _a150870
037 _cReference Collections
040 _aRTL
_cRTL
_beng
041 _2eng
_aeng
082 _aX
100 _aBasu Marina
_9376210
245 0 _aBusness cycles in India
_b The rate of technology and money
942 _hX
_cCC
999 _c695572
_d695572